000 00599nam a2200229Ia 4500
003 OSt
005 20220928130357.0
006 a|||||r|||| 00| 0
007 ta
008 220927b |||||||| |||| 00| 0 eng d
024 _a64108
037 _cTextual
040 _aSDCL
_cSDCL
_beng
041 _2eng
_aeng
082 _aZ1, L1
100 _aLepawsky Albert Ed.
_9473739
245 0 _aSearch for world order
260 _aNew York
_b Appleton Century Crofts
_c1971
300 _axx;451p.
_ccm.
942 _hZ1, L1
_cTEXL
_2CC
999 _c786337
_d786337